=LDR 00000nam 2200000 4500 =001 INLIS000000000057531 =005 20210216095054 =035 ##$$a 0010-0221000034 =007 ta =008 210216################g##########0#ind## =082 ##$$a 336.202 6 =084 ##$$a 336.202 6 UND u =245 ##$$a Undang-undang RI No. 16 Tahun 2000 tentang perubahan kedua atas undang-undang nomor 6 tahun 1983 tentang ketentuan umum dan tata cara perpajakan /$c Direktorat Pengelolaan Informasi Perekonomian =260 ##$$a Jakarta :$b Direktorat Pengelolaan Informasi Perekonomian,$c 2001 =300 ##$$a iii, 126 hlm. ; $c 21 x 15 cm. =650 #4$$a Pajak dan Perpajakan - Indonesia =650 #4$$a Undang-undang dan Peraturan =700 #$$a Direktorat Pengelolaan Informasi Perekonomian =990 ##$$a 168.319/Hd-2002